| 000 | 00599nam a2200121Ia 4500 | ||
|---|---|---|---|
| 008 | 171212s9999 xx 000 0 und d | ||
| 020 | _a9781925022407 | ||
| 245 |
_ceditor Butler, Colin D.;Dixon, Jane;Capon, Anthony G. _aHealth of People, Places and Planet _bReflections based on Tony McMichael’s four decades of contribution to epidemiological understanding |
||
| 260 |
_bANU E Press _c2015 |
||
| 650 | _aEpidemiology; Epidemiology -- History; Public health; Public health surveillance; Social change -- Health aspects | ||
| 650 | _aHealth Sciences | ||
| 856 | _uhttp://jstor.org/stable/j.ctt1729vxt | ||
| 999 |
_c351139 _d351139 |
||